| 000 | 00706nam a2200265Ia 4500 | ||
|---|---|---|---|
| 005 | 20260121165546.0 | ||
| 008 | 008 260114s9999 xx 000 0 eng d | ||
| 020 | _a9783319267692 | ||
| 037 | _aEBOOK | ||
| 040 | _aCRL | ||
| 040 | _beng | ||
| 040 | _cCRL | ||
| 041 | _2eng | ||
| 041 | _aeng | ||
| 084 | _qCRL | ||
| 100 |
_aDirk Evers, Michael Fuller, Anne Runehov, Knut-Willy Sæther _91053215 |
||
| 245 | 0 | _aIssues in Science and Theology: Do Emotions Shape the World? | |
| 260 | _bSpringer | ||
| 260 | _bSpringer | ||
| 260 | _c2016 | ||
| 856 | _uhttps://link.springer.com/openurl?genre=book&isbn=978-3-319-26769-2 | ||
| 942 | _cEBOOK | ||
| 999 |
_c1618941 _d1618941 |
||